[Event "II Ruy Lopez Masters"]
[Site "Merida ESP"]
[Date "2008.04.07"]
[Round "3"]
[White "Perez Candelario,Man"]
[Black "Caruana,F"]
[Result "0-1"]
[WhiteElo "2537"]
[BlackElo "2598"]
[EventDate "2008.04.05"]

1. e4 c5 2. Nf3 e6 3. d4 cxd4 4. Nxd4 a6 5. Bd3 Bc5 6. Nb3 Be7 7. Be3 Nf6
8. N1d2 Nc6 9. f4 d6 10. Qf3 O-O 11. O-O-O a5 12. Nc4 a4 13. Bb6 Qe8 14.
Nbd2 d5 15. Ne5 a3 16. b3 Nb4 17. Kb1 dxe4 18. Nxe4 Nfd5 19. Bd4 f6 20. Nc4
e5 21. Ned6 Bxd6 22. Nxd6 Qc6 23. Nxc8 exd4 24. Bc4 Raxc8 25. Rxd4 Kh8 26.
Rxd5 Nxd5 27. Qxd5 Qc7 28. Rf1 Rcd8 29. Qf5 Rd4 30. g3 b5 31. Qxb5 Rb8 32.
Re1 Qd8 33. Kc1 Rxb5 34. Bxb5 Rd7 0-1